00220 a2200097 4500020001800000082000800018100001000026245002500036260004700061300001400108 a9933555633564 aYAS aYasma 0aHiyani hen gaathugai aMale Maldivesb Dhagatha Publishers c2012 a271p.20cm